Enciclopedia Combi visual (Registro nro. 14222)
[ vista simple ]
| 000 -LIDER | |
|---|---|
| fixed length control field | 00750nam a2200241 4500 |
| 001 - NÚMERO DE CONTROL | |
| Identificador de número de control | bimo0000811197 |
| 003 - IDENTIFICACDOR DE NÚMERO DE CONTROL | |
| control field | DO-SdBNP |
| 005 - DATE AND TIME OF LATEST TRANSACTION | |
| control field | 20220607100207.0 |
| 008 - ELEMENTOS DE LONGITUD FIJA | |
| fixed length control field | 900725s1972 sp spa |
| 040 ## - FUENTE DE CATALOGACIÓN | |
| Agencia que crea de manera original el registro | BPMSU |
| Idioma de catalogación | spa |
| Agencia que realiza la transcripción | BPMSU |
| 082 ## - NÚMERO DE CLASIFICACIÓN DECIMAL DE DEWEY | |
| Classification number | R036 |
| Item number | E56c 1972 |
| Edition number | 22 |
| 245 00 - MENCIÓN DE TITULO | |
| Título | Enciclopedia Combi visual |
| Medio (Designación general de material) | |
| 250 ## - MENCIÓN DE EDICION | |
| Mención de edición | 3ª ed. |
| 260 ## - PUBLICACIÓN, DISTRIBUCIÓN, ETC. (PIE DE IMPRENTA) | |
| Lugar de publicación, distribución, etc | Barcelona : |
| Nombre del editor, distribuidor, etc. | Ediciones Danae, |
| Fecha de publicación, distribución, etc | 1972 |
| 300 ## - DESCRIPCIÓN FÍSICA | |
| Extensión | 2 v. : |
| Otros detalles físicos | grab. neg. y col.; |
| Dimensiones | 25 cm |
| 504 ## - NOTA DE BIBLIOGRAFÍA, ETC. | |
| Bibliography, etc | Contiene bibliografía. |
| 505 0# - NOTA DE CONTENIDO | |
| Texto normalizado de contenido | av. 1 A-Ci. -- v. 2 Co-Gan. -- v. 3 Gat-Med. -- v. 4 Med-Rad. -- v. 5 Reef-Zoo. |
| 590 ## - NOTA LOCAL | |
| Enlace | Inventariado, 2022/VM |
| 650 #4 - ENCABEZAMIENTO DE MATERIA--TEMÁTICO | |
| Término temático o nombre geográfico como elemento de entrada | Enciclopedias y diccionarios españoles. |
| 655 #7 - INDEX TERM--GENRE/FORM | |
| Genre/form data or focus term | Enciclopedias |
| Source of term | tgfbne |
| 910 ## - VALIDACIÓN | |
| Validación | VMateo V. |
| 942 ## - ADDED ENTRY ELEMENTS (KOHA) | |
| Source of classification or shelving scheme | Dewey Decimal Classification |
| Koha item type | Libros |
| Withdrawn status | Lost status | Source of classification or shelving scheme | Damaged status | Not for loan | Collection code | Home library | Current library | Date acquired | Source of acquisition | Full call number | Barcode | Date last seen | Copy number | Price effective from | Koha item type |
|---|---|---|---|---|---|---|---|---|---|---|---|---|---|---|---|
| Dewey Decimal Classification | Colección de Referencia General | Biblioteca Pública Metropolitana Salomé Ureña | Biblioteca Pública Metropolitana Salomé Ureña | 06/07/2022 | FUNDI | BPMSU CGR R036 E56c 1972 | BPMSU22060018 | 06/07/2022 | V.3 | 06/07/2022 | Referencia |